Foods beginning with C - Statistics

General Stats
  • This quiz has been taken 303 times
  • The average score is 11 of 14
Answer Stats
Picture Answer % Correct
Carrot
99%
Chocolate
96%
Corn
94%
Cupcake
94%
Coffee
93%
Cashew
90%
Cinnamon
87%
Cookies
86%
Chicken
81%
Cabbage
77%
Creme Brulee
64%
Cod
62%
Cheddar
54%
Chard
13%
No matching quizzes found
Score Distribution
Percent of People with Each Score
Percentile by Number Answered
Your Score History
You have not taken this quiz